Statistieken voor Belgisch-Limburgse gemeenten

Klik hier om de quiz te nemen!

Algemene statistieken

  • Deze quiz is 35 keer genomen
  • De gemiddelde score is 23 van 42

Antwoordstatistieken

Antwoord% Correct
Hasselt
100%
Genk
96%
Beringen
87%
Bilzen
78%
Bree
78%
Lommel
74%
Maasmechelen
74%
Maaseik
70%
Tongeren
70%
As
65%
Peer
65%
Pelt
65%
Bocholt
61%
Voeren
61%
Alken
57%
Dilsen-Stokkem
57%
Lanaken
57%
Leopoldsburg
57%
Tessenderlo
57%
Zonhoven
57%
Borgloon
52%
Diepenbeek
52%
Ham
52%
Hamont-Achel
52%
Herk-de-Stad
52%
Hoeselt
52%
Kinrooi
52%
Lummen
52%
Oudsbergen
52%
Hechtel-Eksel
48%
Zutendaal
48%
Kortessem
43%
Riemst
43%
Halen
39%
Herstappe
39%
Heusden-Zolder
39%
Gingelom
35%
Nieuwerkerken
30%
Heers
26%
Wellen
26%
St.Truiden
17%
Houthalen-Helechteren
9%

Scoreverdeling

Percentiel versus Aantal Correcte Antwoorden

Procent van Mensen met Elke Score

Uw Scoregeschiedenis

U heeft deze quiz nog niet genomen